[Event "Szolnok Agora op 2nd"]
[Site "Szolnok"]
[Date "2023.06.29"]
[Round "2"]
[White "Nyari, Rajmund"]
[Black "Edes, Gergely Istvan"]
[Result "1-0"]
[WhiteElo "1437"]
[BlackElo "1266"]
[PlyCount "73"]
[EventDate "2023.06.29"]
[EventType "swiss"]
[EventRounds "7"]
[EventCountry "HUN"]
[SourceTitle "EXT 2024"]
[Source "ChessBase"]
[SourceDate "2023.10.10"]
[SourceVersion "1"]
[SourceVersionDate "2023.10.10"]
[SourceQuality "1"]

1. g3 e5 2. Bg2 d5 3. e4 Be6 4. d3 d4 5. Nf3 f6 6. 0-0 Nc6 7. Nbd2 Bd6 8. Nb3 Nge7 9. c3 dxc3 10. bxc3 0-0 11. d4 Bc4 12. Re1 exd4 13. cxd4 Bb4 14. Bd2 Bxd2 15. Qxd2 Ng6 16. Qc3 Bf7 17. Rac1 Rc8 18. Nc5 b6 19. Nb7 Qd7 20. Qxc6 Qxc6 21. Rxc6 Be8 22. d5 Bxc6 23. dxc6 Ne7 24. Rc1 f5 25. exf5 Rxf5 26. Nd4 Rf7 27. Bh3 Rb8 28. Be6 a5 29. Nb5 Nf5 30. Nxc7 Kf8 31. Bxf7 Kxf7 32. Nb5 Ke6 33. c7 Rc8 34. Na7 Ra8 35. c8Q+ Rxc8 36. Rxc8 Ne7 37. Re8 1-0

[Event "Level op-B 8th"]
[Site "Level"]
[Date "2022.09.10"]
[Round "3"]
[White "Vasenszky, Zoltan Gyorgy"]
[Black "Nyari, Rajmund"]
[Result "1-0"]
[WhiteElo "1383"]
[BlackElo "1377"]
[PlyCount "135"]
[EventDate "2022.09.09"]
[EventType "swiss"]
[EventRounds "7"]
[EventCountry "HUN"]
[SourceTitle "EXT 2023"]
[Source "ChessBase"]
[SourceDate "2022.10.05"]
[SourceVersion "1"]
[SourceVersionDate "2022.10.05"]
[SourceQuality "1"]

1. d4 d5 2. Nf3 Nf6 3. g3 c6 4. c4 Bf5 5. Qb3 Qb6 6. c5 Qxb3 7. axb3 Bxb1 8. Rxb1 Nbd7 9. Bg2 g6 10. 0-0 Bg7 11. Bf4 0-0 12. Ra1 Rfe8 13. Ra4 Nh5 14. Be3 e5 15. b4 a6 16. Re1 Re7 17. g4 Nf4 18. Bf1 Ne6 19. dxe5 Nxe5 20. Nxe5 Bxe5 21. Ra2 Rae8 22. Bg2 Nc7 23. Bd2 Nb5 24. e3 Bf6 25. Rc1 d4 26. Rc4 d3 27. Rf4 Bg5 28. Rc4 Rd8 29. Rc1 Nd4 30. Rd1 Nc2 31. Bc3 Red7 32. Be4 f5 33. gxf5 Bxe3 34. fxe3 Nxe3 35. Rd2 gxf5 36. Bf3 Nc4 37. Rg2+ Kf8 38. Bd2 Ne5 39. Bh5 Ng6 40. Bxg6 hxg6 41. Rxg6 Kf7 42. Rg3 Re8 43. Ra3 Rg8 44. Rxg8 Kxg8 45. Kf2 Rh7 46. Rxd3 Rxh2+ 47. Kg3 Rh7 48. Bc3 Rf7 49. Rd8+ Kh7 50. Rh8+ Kg6 51. Rg8+ Kh7 52. Rg5 Kh6 53. Kf4 Kh7 54. Rxf5 Kg6 55. Rxf7 Kxf7 56. Be5 Ke6 57. Ke4 Kd7 58. Bb8 Ke6 59. Ba7 Kf6 60. Bb8 Ke6 61. Be5 Kd7 62. Kd4 Ke6 63. Bh2 Kf5 64. Kc4 Ke4 65. Kb3 Kd3 66. Ka4 Kc4 67. Ka5 Kb3 68. Be5 1-0

[Event "Mosonmagyarovar Polip Kupa-C 2nd"]
[Site "Mosonmagyarovar"]
[Date "2022.07.09"]
[Round "4"]
[White "Nyari, Rajmund"]
[Black "Molnar, Bendeguz"]
[Result "0-1"]
[WhiteElo "1373"]
[BlackElo "1294"]
[PlyCount "88"]
[EventDate "2022.07.09"]
[EventType "swiss"]
[EventRounds "4"]
[EventCountry "HUN"]
[SourceTitle "EXT 2023"]
[Source "ChessBase"]
[SourceDate "2022.10.05"]
[SourceVersion "1"]
[SourceVersionDate "2022.10.05"]
[SourceQuality "1"]

1. d4 d5 2. Nf3 Nf6 3. c4 c6 4. Nc3 e6 5. Bg5 Be7 6. e3 0-0 7. Be2 c5 8. cxd5 Nxd5 9. Bxe7 Nxe7 10. 0-0 Nd7 11. dxc5 Nxc5 12. Qxd8 Rxd8 13. Rfd1 Bd7 14. Rd2 Bc6 15. Rad1 Rd7 16. Ne5 Rxd2 17. Rxd2 Bd5 18. Bf3 Bxf3 19. Nxf3 Nc6 20. Kf1 f6 21. Nd4 Ne5 22. b3 Rd8 23. Ke2 a6 24. f4 Ned3 25. Nxe6 Nc1+ 26. Kd1 Rxd2+ 27. Kxd2 N1xb3+ 28. axb3 Nxe6 29. Kd3 Kf7 30. Kc4 Ke7 31. Kd5 Kd7 32. Ne4 b6 33. f5 Nc7+ 34. Kc4 Nb5 35. Kd5 Nc7+ 36. Kd4 Kc6 37. Nc3 Nb5+ 38. Nxb5 Kxb5 39. Kc3 Kc5 40. e4 a5 41. h4 h5 42. g3 b5 43. Kd3 a4 44. bxa4 bxa4 0-1